000 01760nam a2200481 c 4500
001 7401
003 ES-MaCES
005 20180131142512.0
008 981110s1998 uy a ||| | spa d
017 _a309.600-98
_bDL
020 _a9290880734
035 _aCES19980074764m
040 _aES-MaCES
_bspa
_cES-MaCES
041 1 _aspa
_hfre
100 1 _aRuffier, Jean
_922801
245 1 3 _aLa eficiencia productiva
_b: cómo funcionan las fábricas
_cJean Ruffier ; [traducción al español, Gisela Argenti, Mariana Vlahussich]
250 _a1ª ed
260 _aMontevideo (Uruguay)
_bCINTERFOR-OIT
_c1998
300 _a215 p.
_bil.
_c22 cm
490 1 _aHerramientas para la transformación
500 _aTraducción de: L'efficience productive: comment marchen les usines
500 _aDir. de E-mail: dirmvd@cinterfor.org.uy
500 _aDir. de Internet: http://www.cinterfor.org.uy
504 _aBibliogr.: p. 199-215
541 _cGratuito
650 4 _afábrica
_927647
650 4 _aproducción industrial
_927653
650 4 _aeficacia
_930813
650 4 _areestructuración industrial
_930021
650 4 _aautomatización
_928248
650 4 _acambio tecnológico
_928236
650 4 _atransferencia de tecnología
_928239
650 4 _apub CINTERFOR
_926782
653 1 0 _aIndustria-Energía
700 1 _aArgenti, Gisela
_etr.
_96513
700 1 _aVlahussich, Mariana
_etr.
_926040
710 2 _aCentro Interamericano de Investigación y Documentación sobre Formación Profesional
_eed.
_91916
710 2 _94718
_aOrganización Internacional del Trabajo
_eed.
830 0 _aHerramientas para la transformación
_933057
902 _aLIB Libro
942 _2CES
_cBK
_h5.2.
999 _c7401
_d7401